000 00322nam a2200121Ia 4500
008 190216s9999||||xx |||||||||||||| ||und||
100 _a"Bhattacharya P B ,jain S K,Nagpaul S R"
245 0 _aFirst Course In Group Theory
260 _bDeep&Deep Pub.Newdelhi
_c1972
300 _a97p
650 _aMathematics
942 _cBK
999 _c30726
_d30726